El Excmo. Sr. Gobernador civil visita la Casa provincial de Caridad y la Clínica Mental de Santa Coloma de Gramanet
Colección:
San Jorge,
; núm. 4 (octubre 1951), pàg 43
Materias:
Acedo Colunga, Felipe, -- 1896-1965
; Casa de Caritat (Barcelona, Catalunya)
; Clínica Mental (Santa Coloma de Gramenet, Catalunya)
; Visites oficials -- Barcelona (Província)
Idioma:
Español
MARC
| LEADER | 00000naa a2200000 a 4500 | ||
|---|---|---|---|
| 003 | Arxiu | ||
| 005 | 20260324181027.0 | ||
| 008 | 160829s1951 spc xx s spa c | ||
| 040 | |a agdb | ||
| 245 | 0 | 3 | |a El Excmo. Sr. Gobernador civil visita la Casa provincial de Caridad y la Clínica Mental de Santa Coloma de Gramanet |
| 490 | |a San Jorge, |v núm. 4 (octubre 1951), pàg 43 | ||
| 600 | 1 | 0 | |a Acedo Colunga, Felipe, |d 1896-1965 |9 53867 |
| 610 | 0 | |a Casa de Caritat (Barcelona, Catalunya) |9 52406 | |
| 610 | 2 | 0 | |a Clínica Mental (Santa Coloma de Gramenet, Catalunya) |9 54649 |
| 650 | 0 | |a Visites oficials |z Barcelona (Província) |9 54039 | |
| 773 | |t San Jorge. |g Núm. 4 (octubre 1951), pàg 43 | ||
| 901 | |a Arxiu | ||
| 942 | |n 1 |2 udc |c ART | ||
| 952 | |0 0 |1 0 |4 0 |6 REV508 |7 1 |9 64586 |a Arxiu |b Arxiu |d 2022-12-01 |l 0 |o Rev-508 |r 2022-12-01 00:00:00 |w 2022-12-01 |y ARXIU |z També disponible a Rev-521 | ||
| 999 | |c 44145 |d 44145 | ||